000 01137nam0a22002411 4500
001 rc\1149576
005 20250622200616.0
035 _a(NLR Aleph) 006395155
090 _a5187540
_c5187540
100 _a20041129d1980 |||y0rusy50 ca
101 0 _arus
102 _aRU
105 _ay |||||||||
200 1 _aМетодические указания о порядке предоставления бесплатных квартир с отоплением и освещением работникам учреждений народного образования, культуры, здравоохранения и сельского хозяйства, расположенных в сельской местности и рабочих поселках
_fМ-во финансов КиргССР
_gСост. Асипов С., Токтосунов М.
210 _aФрунзе
_cБ. и.
_d1980
215 _a30 с.
_d20
702 1 _aАсипов
_bС.
_4220
712 0 1 _aКиргССР
_bМ-во финансов
801 0 _aRU
_bNLR
_gpsbo
801 1 _aRU
_bELAR
_2rusmarc
852 _aNLR
_j81-4/4771
942 _cBOOK
980 _aNB